Państwa po zestawie LEGO - Statystyki

Ogólne statystyki
  • Ten quiz został rozwiązany 132 razy
  • Średni wynik to 10 z 12
Statystyki odpowiedzi
Obrazkowy Odpowiedź % Poprawnych
Wielka Brytania
99%
Włochy
98%
Stany Zjednoczone
96%
Chiny
95%
Egipt
95%
Japonia
95%
Australia
91%
Indie
80%
Francja
77%
Zjednoczone Emiraty Arabskie
71%
Niemcy
65%
Singapur
45%
Nie znaleziono quizów pasujących do podanych kryteriów
Rozkład punktacji
Procent ludzi z każdym wynikiem
Percentyl według liczby udzielonych odpowiedzi
Twoja historia wyników
Nie rozwiązałeś tego quizu